| 000 | 00730cam a22002291 4500 | ||
|---|---|---|---|
| 001 | sa 67006319 | ||
| 003 | DLC | ||
| 005 | 20260227112406.0 | ||
| 008 | 890718s1966 ii 000 0 hino | ||
| 010 | _asa 67006319 | ||
| 035 | _a(OCoLC)20029573 | ||
| 040 |
_aDLC _cWaU _dNRU _dDLC |
||
| 042 | _apremarc | ||
| 050 | 0 | 0 |
_aPK2057 _b.C28 |
| 100 | 1 | _aCaturvedī, Bhagavataśaraṇa. | |
| 245 | 1 | 0 |
_aJaya Hindī, jaya Hindustāna; _bBhr̄atī-putrọm kī Hindī ke prati arpita sarasa bhāvanāoṃ kā sankalana. _cSampādaka Bhagavataśaraṇa Caturvedei. |
| 250 | _a[1. saṃskaraṇa] | ||
| 260 |
_aJayapura, _bRājasthāna Prakāśana _c[1966] |
||
| 300 |
_a48 p. _c19 cm. |
||
| 500 | _aIn Hindi. | ||
| 650 | 0 | _aHindi poetry. | |
| 999 |
_c75855 _d75855 |
||